|
|
|
|
| LEADER |
00000cam a22000004a 4500 |
| 001 |
musev2_61332 |
| 003 |
MdBmJHUP |
| 005 |
20230905050325.0 |
| 006 |
m o d |
| 007 |
cr||||||||nn|n |
| 008 |
180925s2018 mau o 00 0 eng d |
| 020 |
|
|
|a 9780262350457
|
| 020 |
|
|
|z 0262350459
|
| 020 |
|
|
|z 9780262536332
|
| 035 |
|
|
|a (OCoLC)1054129100
|
| 040 |
|
|
|a MdBmJHUP
|c MdBmJHUP
|
| 100 |
1 |
|
|a Neufeld, Michael J.,
|d 1951-
|e author.
|
| 245 |
1 |
0 |
|a Spaceflight :
|b A Concise History /
|c Michael J. Neufeld.
|
| 264 |
|
1 |
|a Cambridge, MA :
|b The MIT Press,
|c [2018]
|
| 264 |
|
3 |
|a Baltimore, Md. :
|b Project MUSE,
|c 2018
|
| 264 |
|
4 |
|c ©[2018]
|
| 300 |
|
|
|a 1 online resource (248 pages).
|
| 336 |
|
|
|a text
|b txt
|2 rdacontent
|
| 337 |
|
|
|a computer
|b c
|2 rdamedia
|
| 338 |
|
|
|a online resource
|b cr
|2 rdacarrier
|
| 490 |
0 |
|
|a The MIT Press essential knowledge series
|
| 505 |
0 |
|
|a Spaceflight dreams and military imperatives -- The Cold War space race -- Space science and exploration -- A global space infrastructure -- Astroculture : spaceflight and the imagination -- Human spaceflight after the cold war -- Epilogue : the past and future of spaceflight.
|
| 520 |
|
|
|a The author presents a history of spaceflight, from military rocketry through Sputnik, Apollo, robots in space, space culture, and human spaceflight in the twenty-first century. Spaceflight is one of the great human achievements of the twentieth century. The Soviets launched Sputnik, the first satellite, in 1957; less than twelve years later, the American Apollo astronauts landed on the Moon. In this volume, the author maps the spectrum of activities that humans have developed in space.
|
| 588 |
|
|
|a Description based on print version record.
|
| 650 |
|
7 |
|a Space race.
|2 fast
|0 (OCoLC)fst01127802
|
| 650 |
|
7 |
|a Space flight.
|2 fast
|0 (OCoLC)fst01127676
|
| 650 |
|
7 |
|a Manned space flight.
|2 fast
|0 (OCoLC)fst01007789
|
| 650 |
|
7 |
|a Astronautics.
|2 fast
|0 (OCoLC)fst00819505
|
| 650 |
|
7 |
|a TECHNOLOGY & ENGINEERING
|x Engineering (General)
|2 bisacsh
|
| 650 |
|
6 |
|a Vol spatial habite
|x Histoire.
|
| 650 |
|
6 |
|a Conquête de l'espace
|z URSS
|x Histoire.
|
| 650 |
|
6 |
|a Conquête de l'espace
|z États-Unis
|x Histoire.
|
| 650 |
|
6 |
|a Astronautique
|z Russie.
|
| 650 |
|
6 |
|a Astronautique
|z États-Unis
|x Histoire.
|
| 650 |
|
6 |
|a Vol spatial
|x Histoire.
|
| 650 |
|
0 |
|a Manned space flight
|x History.
|
| 650 |
|
0 |
|a Space race
|z Soviet Union
|x History.
|
| 650 |
|
0 |
|a Space race
|z United States
|x History.
|
| 650 |
|
0 |
|a Astronautics
|z Russia (Federation)
|
| 650 |
|
0 |
|a Astronautics
|z Soviet Union
|x History.
|
| 650 |
|
0 |
|a Astronautics
|z United States
|x History.
|
| 650 |
|
0 |
|a Space flight
|x History.
|
| 651 |
|
7 |
|a United States.
|2 fast
|0 (OCoLC)fst01204155
|
| 651 |
|
7 |
|a Soviet Union.
|2 fast
|0 (OCoLC)fst01210281
|
| 651 |
|
7 |
|a Russia (Federation)
|2 fast
|0 (OCoLC)fst01262050
|
| 655 |
|
7 |
|a History.
|2 fast
|0 (OCoLC)fst01411628
|
| 655 |
|
7 |
|a Electronic books.
|2 local
|
| 710 |
2 |
|
|a Project Muse.
|e distributor
|
| 830 |
|
0 |
|a Book collections on Project MUSE.
|
| 856 |
4 |
0 |
|z Texto completo
|u https://projectmuse.uam.elogim.com/book/61332/
|
| 945 |
|
|
|a Project MUSE - Custom Collection
|
| 945 |
|
|
|a Project MUSE - 2018 Complete
|
| 945 |
|
|
|a Project MUSE - 2018 History
|